| 000 | 00911nam a22003257a 4500 | ||
|---|---|---|---|
| 001 | BR2015004408 | ||
| 003 | BR-BrBNA | ||
| 005 | 20230928104711.0 | ||
| 007 | ta | ||
| 008 | 230509b bl.||||| |||| 00| 0 por d | ||
| 040 |
_aBR-BrBNA _bpor _cBiblioteca Nacional de Agricultura |
||
| 041 | _a(Por) | ||
| 072 |
_aE14; E71 _b8968 |
||
| 090 | _ 8968 BR2015004408 | ||
| 100 | 1 | _aCaldas, R. (ed.) | |
| 110 | 1 |
_aCentro das Indústrias de Curtumes, Brasília, DF (Brasil) _91432 |
|
| 245 | 1 | _aO mercado de couro de Cingapura | |
| 260 | 3 |
_aBrasília, DF (Brasil): _bLGE, _c2008. |
|
| 300 | _a303 p. | ||
| 500 | _aBibliography p. 296-303; 64 tables | ||
| 650 | _aCINGAPURA | ||
| 650 | _aCOURO | ||
| 650 | _aPRODUTO DE ORIGEM ANIMAL | ||
| 650 | _aECONOMIA | ||
| 650 | _aINDÚSTRIA | ||
| 650 | _aCOMÉRCIO EXTERIOR | ||
| 650 | _aMERCADO MUNDIAL | ||
| 909 |
_a202309 _bLucia _c55 _dLucia Elande |
||
| 942 | _cBK | ||
| 999 |
_c81278 _d81278 |
||